000 00307nam a22001337a 4500
008 181206b xxu||||| |||| 00| 0 eng d
020 _a9780060463311
041 _aeng
080 _24 th
_a573
100 _a11
101 _aBIO
245 _aEcology And Field Biology
_cSmith.R.L
942 _2udc
_cBK
999 _c52968
_d52968